Normal view
MARC view
- Gray, C. H.
Entry Personal Name
001 - CONTROL NUMBER
- control field: 14580
003 - CONTROL NUMBER IDENTIFIER
- control field: OSt
005 - DATE AND TIME OF LATEST TRANSACTION
- control field: 20250801093447.0
008 - FIXED-LENGTH DATA ELEMENTS
- fixed length control field: 250801|| aca||aabn | a|a d
040 ## - CATALOGING SOURCE
- Original cataloging agency: OSt
- Transcribing agency: OSt
100 ## - HEADING--PERSONAL NAME
- Personal name: Gray, C. H.
- Fuller form of name: (Charles Horace)
670 ## - SOURCE DATA FOUND
- Source citation: Work cat.: (OSt)5755: Gray, C. H. (Charles Horace), Clinical chemical pathology /, c1985.